书目信息 |
| 题名: |
运算放大器电路设计及实验
|
|
| 作者: | 伯林 , Berlin 著 ;郭维芹 , 郭文中 译 | |
| 分册: | ||
| 出版信息: | 北京 科学出版社 1987 |
|
| 页数: | 275页 | |
| 开本: | 19cm | |
| 丛书名: | ||
| 单 册: | ||
| 中图分类: | TN722.7 | |
| 科图分类: | ||
| 主题词: | 运算放大器-电路设计 , 电路设计-运算放大器 | |
| 电子资源: | ||
| ISBN: | ||
| 000 | 00849nam0 2200289 45 | |
| 001 | 0187006258 | |
| 005 | 20040909090449.0 | |
| 010 | @dCNY2.10 | |
| 091 | @a15031.786 | |
| 100 | @a19900830d1987 em y0chiy0121 ea | |
| 101 | 1 | @achi@ceng |
| 102 | @aCN@b110000 | |
| 105 | @ay z 000yy | |
| 106 | @ar | |
| 200 | 10 | @a运算放大器电路设计及实验@Ayun suan fang da qi dian lu she ji ji shi yan@f(美)伯林(Berlin,H.M.)著@g郭维芹, 郭文中译 |
| 210 | @a北京@c科学出版社@d1987 | |
| 215 | @a275页@d19cm | |
| 606 | @a运算放大器-电路设计 | |
| 606 | @a电路设计-运算放大器 | |
| 690 | @aTN722.7@v3 | |
| 701 | 1 | @a伯林@Abo lin@bH.M.@4著 |
| 701 | A1 | @aBerlin@bH.M.@4著 |
| 702 | 0 | @a郭维芹@Aguo wei qin@4译 |
| 702 | 0 | @a郭文中@Aguo wen zhong@4译 |
| 801 | 0 | @aCN@b深圳图书馆@c20040517 |
| 801 | 2 | @aCN@bNLC@c20040517 |
| 905 | @dTN722.7@e112@f1@b203704 | |
| 运算放大器电路设计及实验/(美)伯林(Berlin,H.M.)著/郭维芹, 郭文中译.-北京:科学出版社,1987 |
| 275页;19cm |
| ISBN :CNY2.10 |
| ● |
| 相关链接 |
|
|
|
|
正题名:运算放大器电路设计及实验
索取号:TN722.7/112
 
预约/预借
| 序号 | 登录号 | 条形码 | 馆藏地/架位号 | 状态 | 备注 |
| 1 | 0203704 | 001950945 | 第三借阅区/ [索取号:TN722.7/112] | 在馆 | |
| 2 | 0203705 | 001357463 | 第三借阅区/ [索取号:TN722.7/112] | 在馆 | |
| 3 | 0203706 | 001357506 | 第二样本阅览室/ [索取号:TN722.7/112] | 在馆 |